Cure kinetics study of unfilled and carbon black filled synthetic isoprene rubber (Record no. 56632)

MARC details
000 -LEADER
fixed length control field 00362nam a2200121Ia 4500
100 ## - MAIN ENTRY--AUTHOR NAME
Personal name Sun Ximei
245 #0 - TITLE STATEMENT
Title Cure kinetics study of unfilled and carbon black filled synthetic isoprene rubber
260 ## - PUBLICATION, DISTRIBUTION, ETC. (IMPRINT)
Name of publisher Rubber Chemistry and Technology
Year of publication 2009
300 ## - PHYSICAL DESCRIPTION
Number of Pages 149-169
700 ## - ADDED ENTRY--PERSONAL NAME
Personal name Isayev Avraam I.
942 ## - ADDED ENTRY ELEMENTS (KOHA)
Koha item type Journals
Holdings
Withdrawn status Lost status Damaged status Not for loan Home library Current library Date acquired Serial Enumeration / chronology Koha item type
      Journals RRII Library RRII Library 01/01/2010 Volume 82, Issue 2 Journals